Starter TOEIC : Building TOEIC test-taking skills

Wedi'i Gadw mewn:
Manylion Llyfryddiaeth
Prif Awdur: Taylor, Anne
Fformat: Llyfr
Iaith:Undetermined
Cyhoeddwyd: Thành phố Hồ Chí Minh Trẻ 2007
Pynciau:
Tagiau: Ychwanegu Tag
Dim Tagiau, Byddwch y cyntaf i dagio'r cofnod hwn!
Thư viện lưu trữ: Trung tâm Học liệu Trường Đại học Cần Thơ
LEADER 00618nam a2200205Ia 4500
001 CTU_194506
008 210402s9999 xx 000 0 und d
082 |a 428.0076 
082 |b T238/CD.3 
100 |a Taylor, Anne 
245 0 |a Starter TOEIC : 
245 0 |b Building TOEIC test-taking skills 
245 0 |c Anne Taylor, Casey Malarcher ; First News 
260 |a Thành phố Hồ Chí Minh 
260 |b Trẻ 
260 |c 2007 
650 |a English language,English language,Tiếng Anh,Tiếng Anh 
904 |i Giang 
915 |a 400 
980 |a Trung tâm Học liệu Trường Đại học Cần Thơ